Famous People from Africa by Picture - Statistics

General Stats
  • This quiz has been taken 123 times
  • The average score is 6 of 16
Answer Stats
Picture Hint Answer % Correct
Pretoria Elon Musk
93%
Benoni Charlize Theron
64%
Kampala Idi Amin
64%
Klerksdorp Desmond Tutu
61%
Abidjan Didier Drogba
49%
Douala Samuel Eto'o
44%
Monrovia George Weah
37%
Mogadishu Iman
37%
Johannesburg Trevor Noah
36%
Alexandria Omar Sharif
35%
Yaoundé Joel Embiid
28%
Lagos Israel Adesanya
16%
Ondo King Sunny Adé
13%
Abeokuta Fela Kuti
12%
Dakar Youssou N'Dour
9%
Accra Azumah Nelson
2%
No matching quizzes found
Score Distribution
Percent of People with Each Score
Percentile by Number Answered
Your Score History
You have not taken this quiz